[Event "BL 1617 Bayern München - Schachfr. Ber"]
[Site "?"]
[Date "2016.11.20"]
[Round "4.6"]
[White "Belezky, Alexander"]
[Black "Sprenger, Jan Michael"]
[Result "0-1"]
[WhiteElo "2404"]
[BlackElo "2512"]
[PlyCount "88"]
[EventDate "2016.??.??"]

1. Nf3 d5 2. g3 g6 3. Bg2 Bg7 4. d3 Nc6 5. O-O e5 6. c4 dxc4 7. dxc4 Qxd1 8.
Rxd1 Be6 9. Nfd2 Nge7 10. Nc3 O-O-O 11. b3 e4 12. Bb2 f5 13. Nf1 Nb4 14. Ne3
Rxd1+ 15. Rxd1 Nxa2 16. Ncd5 Bxb2 17. Nxe7+ Kb8 18. Rd2 Ba3 19. N7xf5 gxf5 20.
Rxa2 Bc5 21. Nd5 Rd8 22. g4 c6 23. gxf5 Bxf5 24. Ne3 Bg6 25. h4 h5 26. Nf1 Be7
27. Nd2 e3 28. fxe3 Bxh4 29. Nf3 Bf6 30. Kf2 h4 31. Ra5 b6 32. Ra2 c5 33. Nd2
Bc3 34. Be4 Rxd2 35. Rxd2 Bxe4 36. Rd8+ Kc7 37. Re8 Bc2 38. Re7+ Kb8 39. e4
Bxb3 40. e5 Bxc4 41. e6 Kc8 42. Rxa7 Bxe6 43. Rh7 h3 44. Rh6 Kd7 0-1

[Event "BL 1617 Bayern München - Schachfr. Ber"]
[Site "?"]
[Date "2016.11.20"]
[Round "4.7"]
[White "Jakubowski, Krzysztof"]
[Black "Ribli, Zoltan"]
[Result "1-0"]
[WhiteElo "2524"]
[BlackElo "2555"]
[PlyCount "97"]
[EventDate "2016.??.??"]

1. e4 c5 2. Nf3 e6 3. d4 cxd4 4. Nxd4 Nc6 5. Nc3 Qc7 6. Be2 a6 7. O-O Nf6 8.
Kh1 Be7 9. f4 d6 10. Be3 O-O 11. Qe1 Nxd4 12. Bxd4 b5 13. a3 Bb7 14. Qg3 Rad8
15. Rae1 Rd7 16. Bd3 Re8 17. Nd1 d5 18. Bxf6 Bxf6 19. e5 Bd8 20. Nf2 d4 21. Ng4
g6 22. f5 exf5 23. Bxf5 Rd5 24. Be4 Rf8 25. Nh6+ Kg7 26. Nf5+ Kh8 27. Bxd5 Bxd5
28. Nxd4 Qb6 29. c3 Be7 30. Qe3 Qb7 31. Nf3 Rc8 32. Rd1 Kg7 33. Rd2 Rc7 34. Nd4
h5 35. e6 f6 36. Nf5+ gxf5 37. Rxd5 Qxd5 38. Qg3+ Kh6 39. Qxc7 Bd6 40. Qc8 Qe5
41. Qh8+ Kg6 42. Qg8+ Kh6 43. Qh8+ Kg6 44. Qg8+ Kh6 45. Qg3 Qxe6 46. Qf3 Kg6
47. g3 Kg5 48. Rd1 Be5 49. Rd8 1-0

[Event "BL 1617 Bayern München - Schachfr. Ber"]
[Site "?"]
[Date "2016.11.20"]
[Round "4.8"]
[White "Schneider, Stefan"]
[Black "Baldauf, Marco"]
[Result "0-1"]
[WhiteElo "2353"]
[BlackElo "2431"]
[PlyCount "76"]
[EventDate "2016.??.??"]

1. d4 Nf6 2. c4 g6 3. Nf3 Bg7 4. e3 O-O 5. Be2 c5 6. d5 d6 7. Nc3 e6 8. O-O
exd5 9. cxd5 Na6 10. Ne1 Re8 11. f3 Nc7 12. a4 a6 13. Nc2 Bd7 14. a5 Bb5 15.
Rf2 Bxe2 16. Rxe2 Nb5 17. Qd3 Nxc3 18. bxc3 Nd7 19. f4 Rc8 20. Qc4 f5 21. e4
Qe7 22. Rb1 Rb8 23. e5 dxe5 24. Ba3 Qf6 25. fxe5 Nxe5 26. Qf4 Nd3 27. Rxe8+
Rxe8 28. Qd2 c4 29. d6 Qf7 30. Ne1 Qd5 31. Nxd3 cxd3 32. Rd1 Re2 33. Qg5 Bf6
34. Qg3 Bh4 35. Qh3 d2 36. g3 Re1+ 37. Kf2 Rxd1 38. Qxh4 Rf1+ 0-1

[Event "BL 1617 DJK Aachen - Werder Bremen"]
[Site "?"]
[Date "2016.12.03"]
[Round "5.1"]
[White "Areshchenko, Alexander"]
[Black "Granda Zuniga, Julio Ernesto"]
[Result "1-0"]
[WhiteElo "2678"]
[BlackElo "2646"]
[PlyCount "73"]
[EventDate "2016.??.??"]

1. e4 e5 2. Nf3 Nc6 3. Bc4 Bc5 4. O-O Nf6 5. d3 d6 6. c3 Bb6 7. a4 a5 8. Na3
Ne7 9. Ba2 c6 10. Nc4 Bc7 11. Bg5 Ng6 12. Nh4 Nf4 13. Bxf4 exf4 14. Nf3 O-O 15.
e5 dxe5 16. Ncxe5 Nd5 17. d4 f6 18. Nd3 Kh8 19. Re1 b6 20. c4 Ne7 21. c5 g5 22.
h3 Nf5 23. Re4 Rb8 24. Rc1 bxc5 25. dxc5 Ba6 26. Rc3 Re8 27. Qe2 Re7 28. Be6
Ng7 29. Bc4 Rxe4 30. Qxe4 Bc8 31. b3 Bd7 32. Rc1 Qf8 33. Qd4 Bf5 34. Re1 Bxd3
35. Bxd3 Rd8 36. Qe4 f5 37. Qxc6 1-0

[Event "BL 1617 DJK Aachen - Werder Bremen"]
[Site "?"]
[Date "2016.12.03"]
[Round "5.2"]
[White "Iturrizaga Bonelli, Eduardo Pa"]
[Black "Bluebaum, Matthias"]
[Result "1/2-1/2"]
[WhiteElo "2652"]
[BlackElo "2640"]
[PlyCount "66"]
[EventDate "2016.??.??"]

1. c4 e6 2. Nf3 d5 3. g3 dxc4 4. Qa4+ Bd7 5. Qxc4 c5 6. Bg2 Bc6 7. O-O Nf6 8.
Qc2 Nbd7 9. d3 Be7 10. Nc3 O-O 11. a4 b6 12. e4 a6 13. d4 b5 14. Rd1 b4 15. d5
Bb7 16. dxe6 fxe6 17. Ng5 Qb6 18. a5 Qc6 19. Ne2 h6 20. Nxe6 Qxe6 21. Nf4 Bxe4
22. Bxe4 Qxe4 23. Qxe4 Nxe4 24. Rxd7 Bf6 25. f3 Ng5 26. Kg2 Rfd8 27. Rc7 Bxb2
28. Bxb2 Rd2+ 29. Kf1 Rxb2 30. Rd1 Re8 31. Rdd7 Rb1+ 32. Kf2 Rb2+ 33. Kf1 Rb1+
1/2-1/2

[Event "BL 1617 DJK Aachen - Werder Bremen"]
[Site "?"]
[Date "2016.12.03"]
[Round "5.3"]
[White "Edouard, Romain"]
[Black "van Foreest, Jorden"]
[Result "1/2-1/2"]
[WhiteElo "2611"]
[BlackElo "2605"]
[PlyCount "56"]
[EventDate "2016.??.??"]

1. c4 c6 2. e4 d5 3. cxd5 cxd5 4. exd5 Nf6 5. Nc3 g6 6. Bc4 Bg7 7. Nge2 O-O 8.
O-O Na6 9. d4 Nc7 10. Nf4 b6 11. a4 Bb7 12. Qb3 Qd6 13. Re1 Rad8 14. Nb5 Nxb5
15. axb5 Bxd5 16. Nxd5 Nxd5 17. Rxa7 Bxd4 18. Bxd5 Qxd5 19. Qxd5 Rxd5 20. Raxe7
Rxb5 21. Bh6 Bg7 22. Bxg7 Kxg7 23. g3 Rd8 24. R1e3 Rxb2 25. Rf3 Rf8 26. h4 Rc2
27. Rb7 Rc6 28. Kg2 Rf6 1/2-1/2

[Event "BL 1617 DJK Aachen - Werder Bremen"]
[Site "?"]
[Date "2016.12.03"]
[Round "5.4"]
[White "Donchenko, Alexander"]
[Black "Hracek, Zbynek"]
[Result "1/2-1/2"]
[WhiteElo "2564"]
[BlackElo "2608"]
[PlyCount "71"]
[EventDate "2016.??.??"]

1. d4 Nf6 2. c4 e6 3. Nc3 Bb4 4. Qc2 O-O 5. Nf3 d5 6. cxd5 exd5 7. Bg5 h6 8.
Bh4 c5 9. e3 cxd4 10. Nxd4 Nc6 11. Rd1 g5 12. Bg3 Ne4 13. Nxc6 bxc6 14. Bd3
Bxc3+ 15. bxc3 Nxg3 16. hxg3 Qf6 17. O-O Rb8 18. Rb1 Be6 19. Rb3 Rb6 20. Ra3
Rfb8 21. Rxa7 c5 22. Qc1 c4 23. Bc2 Kg7 24. Qd2 Rb2 25. Ra6 g4 26. Rc1 h5 27.
e4 dxe4 28. Qe3 Qe5 29. Bxe4 Rd8 30. Rc6 Rc8 31. Rxc8 Bxc8 32. a4 Ra2 33. Re1
Rxa4 34. Qd2 Qf6 35. Bd5 Bf5 36. Be4 1/2-1/2

[Event "BL 1617 DJK Aachen - Werder Bremen"]
[Site "?"]
[Date "2016.12.03"]
[Round "5.5"]
[White "Nyback, Tomi"]
[Black "Nijboer, Friso"]
[Result "1-0"]
[WhiteElo "2572"]
[BlackElo "2547"]
[PlyCount "91"]
[EventDate "2016.??.??"]

1. d4 f5 2. g3 Nf6 3. Bg2 g6 4. Nf3 Bg7 5. O-O O-O 6. b3 d6 7. Bb2 a5 8. c4 a4
9. b4 c6 10. a3 Nbd7 11. Nc3 Nb6 12. Nd2 Be6 13. c5 dxc5 14. bxc5 Nbd5 15. e3
b5 16. cxb6 Qxb6 17. Nxa4 Qa7 18. Nc5 Bf7 19. Nf3 Nd7 20. Nxd7 Qxd7 21. Qc2
Rab8 22. Rab1 Qb7 23. Ba1 Qa6 24. Ng5 e6 25. Nxf7 Kxf7 26. Rfc1 Rxb1 27. Rxb1
Rc8 28. a4 Ra8 29. Bxd5 exd5 30. a5 Bf6 31. Bc3 Bd8 32. Be1 Ke6 33. Kg2 Kd7 34.
h4 h5 35. g4 hxg4 36. h5 Ke6 37. hxg6 Kf6 38. Qc5 Kxg6 39. Qd6+ Kg5 40. Qf4+
Kg6 41. e4 fxe4 42. Qxg4+ Kf6 43. Bd2 Qc8 44. Qg5+ Ke6 45. Qe5+ Kd7 46. Bb4 1-0

[Event "BL 1617 DJK Aachen - Werder Bremen"]
[Site "?"]
[Date "2016.12.03"]
[Round "5.6"]
[White "Hoffmann, Michael"]
[Black "Babula, Vlastimil"]
[Result "1/2-1/2"]
[WhiteElo "2465"]
[BlackElo "2558"]
[PlyCount "61"]
[EventDate "2016.??.??"]

1. d4 Nf6 2. c4 e6 3. Nc3 Bb4 4. Qc2 O-O 5. Nf3 d6 6. Bd2 b6 7. e4 e5 8. dxe5
dxe5 9. Nxe5 Bb7 10. Bd3 Na6 11. O-O-O Bd6 12. Nf3 Nb4 13. Qb1 Ng4 14. Rhf1 Bc5
15. Bg5 Qe8 16. Bh4 Qe6 17. a3 Nxd3+ 18. Qxd3 Nxh2 19. Rh1 Ng4 20. Nd5 Rac8 21.
Nd4 Qg6 22. Nf5 Bxd5 23. cxd5 Rfe8 24. f3 Nh6 25. g4 Nxf5 26. gxf5 Qh6+ 27. Kb1
Qe3 28. Qf1 Bd6 29. Qh3 h6 30. Qg2 Be5 31. Rhg1 1/2-1/2

[Event "BL 1617 DJK Aachen - Werder Bremen"]
[Site "?"]
[Date "2016.12.03"]
[Round "5.7"]
[White "Markgraf, Rolf-Alexander"]
[Black "Zaragatski, Ilja"]
[Result "0-1"]
[WhiteElo "2517"]
[BlackElo "2495"]
[PlyCount "136"]
[EventDate "2016.??.??"]

1. e4 e6 2. d4 d5 3. Nc3 Nc6 4. e5 a6 5. Nf3 f6 6. Bd3 fxe5 7. dxe5 Nh6 8. Bf4
Nf7 9. h4 Bc5 10. Qd2 Bd7 11. O-O-O Qe7 12. Bg5 Nxg5 13. hxg5 O-O-O 14. Bxh7
Be8 15. Bd3 Bh5 16. Rde1 Bxf3 17. Rxh8 Rxh8 18. gxf3 d4 19. Nb1 Bb4 20. c3 dxc3
21. bxc3 Ba5 22. f4 Rd8 23. Qc2 Qf8 24. f5 exf5 25. Bxf5+ Kb8 26. e6 Ne7 27.
Be4 Qf4+ 28. Kb2 Rd6 29. Bh1 Qxg5 30. Ka1 Qf6 31. Re3 Bb6 32. Qe4 Rc6 33. Rg3
g6 34. Rh3 Qxe6 35. Rh8+ Ka7 36. Re8 Bc5 37. Qf4 Rd6 38. Qf8 Rd1 39. Ra8+ Kb6
40. Bxb7 Rxb1+ 41. Kxb1 Kxb7 42. Qb8+ Kc6 43. Rxa6+ Bb6 44. Qe8+ Kc5 45. Ra4
Qe1+ 46. Kc2 Qxf2+ 47. Kb3 Qe2 48. Rd4 Qb5+ 49. Qxb5+ Kxb5 50. Re4 Bc5 51. a4+
Kc6 52. Kc4 Bd6 53. Rg4 Kb6 54. Rg5 Bf4 55. Rg2 g5 56. Re2 Nf5 57. Rb2+ Ka6 58.
Kd5 Ka5 59. Ra2 Ne3+ 60. Ke4 Nc4 61. Kd3 Nb6 62. Kc2 g4 63. Kd3 g3 64. Kd4 Bd6
65. Ra1 Nd7 66. Ra2 Bc5+ 67. Ke4 Bf2 68. Kf3 Nb6 0-1

[Event "BL 1617 DJK Aachen - Werder Bremen"]
[Site "?"]
[Date "2016.12.03"]
[Round "5.8"]
[White "van Foreest, Lucas"]
[Black "Meins, Gerlef"]
[Result "0-1"]
[WhiteElo "2395"]
[BlackElo "2406"]
[PlyCount "102"]
[EventDate "2016.??.??"]

1. e4 c5 2. Nf3 Nc6 3. Bb5 g6 4. Bxc6 dxc6 5. d3 Bg7 6. h3 Nf6 7. Nc3 O-O 8.
Be3 b6 9. Qd2 Ne8 10. Bh6 f6 11. O-O e5 12. Nh2 g5 13. Ng4 Bxg4 14. Bxg7 Nxg7
15. hxg4 Qd7 16. Qd1 Rad8 17. b3 Kf7 18. g3 h5 19. gxh5 Qh3 20. Qf3 Ne6 21. Qh1
Qg4 22. Nd1 Nf4 23. Re1 Rh8 24. Ne3 Nh3+ 25. Kf1 Qxh5 26. f3 Nf4 27. Qxh5+ Nxh5
28. Kg2 Ng7 29. a4 Rh7 30. Rh1 Rdh8 31. Rxh7 Rxh7 32. a5 b5 33. c3 Ne6 34. Nf5
Rh8 35. a6 Ng7 36. Nd6+ Ke7 37. Nb7 Ne6 38. Rc1 Kd7 39. c4 b4 40. Ra1 Kc7 41.
Ra2 Kb6 42. Ra1 Nc7 43. Rd1 Nxa6 44. Nd6 Nc7 45. Nf5 Ne6 46. Ne3 Nd4 47. Rb1 a5
48. Nd1 a4 49. Nb2 a3 50. Na4+ Kc7 51. Nxc5 Nc2 0-1

[Event "BL 1617 SG Trier - Hamburger SK"]
[Site "?"]
[Date "2016.12.03"]
[Round "5.1"]
[White "Grandelius, Nils"]
[Black "Erdos, Viktor"]
[Result "1-0"]
[WhiteElo "2643"]
[BlackElo "2602"]
[PlyCount "115"]
[EventDate "2016.??.??"]

1. e4 e5 2. Nf3 Nc6 3. Bb5 a6 4. Ba4 Nf6 5. O-O Be7 6. Re1 b5 7. Bb3 d6 8. c3
O-O 9. h3 Nd7 10. d4 Nb6 11. Nbd2 Bf6 12. Nf1 Re8 13. d5 Na5 14. Bc2 c6 15.
dxc6 Nxc6 16. Ne3 Be6 17. Qd3 g6 18. Rd1 Be7 19. Bb3 Rc8 20. Qe2 Qc7 21. h4 Nd8
22. h5 Qb7 23. Nd5 Nxd5 24. Bxd5 Bxd5 25. Rxd5 Ne6 26. Bh6 Rc5 27. Rad1 Rec8
28. a3 Rxd5 29. Rxd5 Rc5 30. Rd3 a5 31. Be3 Rc8 32. Nd2 Rd8 33. Qd1 Qc6 34. Qb3
Rb8 35. a4 b4 36. Rd5 Qc7 37. c4 Bg5 38. Bxg5 Nxg5 39. Qe3 Ne6 40. g3 b3 41.
Nxb3 Qxc4 42. Nxa5 Qxa4 43. b3 Qa1+ 44. Kg2 Nd4 45. h6 Nc2 46. Qe2 Nd4 47. Qe3
Nc2 48. Qe2 Nd4 49. Qd2 Rf8 50. Rxd6 Qb1 51. Rxd4 exd4 52. Qxd4 f6 53. Qd5+ Kh8
54. Nc6 Qc1 55. Nd8 Qxh6 56. Nf7+ Rxf7 57. Qxf7 g5 58. b4 1-0

[Event "BL 1617 SG Trier - Hamburger SK"]
[Site "?"]
[Date "2016.12.03"]
[Round "5.2"]
[White "Lupulescu, Constantin"]
[Black "Kempinski, Robert"]
[Result "1/2-1/2"]
[WhiteElo "2625"]
[BlackElo "2594"]
[PlyCount "41"]
[EventDate "2016.??.??"]

1. d4 d6 2. e4 Nf6 3. f3 e5 4. d5 c6 5. c4 b5 6. Be3 Be7 7. a3 O-O 8. Nc3 bxc4
9. Bxc4 Bb7 10. Nge2 Nbd7 11. dxc6 Bxc6 12. Ba2 Nb6 13. O-O d5 14. exd5 Nfxd5
15. Bf2 Bg5 16. Nxd5 Bxd5 17. Nc3 Bxa2 18. Rxa2 Qc7 19. Qe2 Rfd8 20. Ne4 Be7
21. b4 1/2-1/2

[Event "BL 1617 SG Trier - Hamburger SK"]
[Site "?"]
[Date "2016.12.03"]
[Round "5.3"]
[White "Svane, Rasmus"]
[Black "Parligras, Mircea-Emilian"]
[Result "1/2-1/2"]
[WhiteElo "2555"]
[BlackElo "2606"]
[PlyCount "57"]
[EventDate "2016.??.??"]

1. Nf3 d5 2. d4 Nf6 3. c4 e6 4. Nc3 Be7 5. g3 O-O 6. Bg2 dxc4 7. Ne5 Nc6 8.
Bxc6 bxc6 9. Nxc6 Qe8 10. Nxe7+ Qxe7 11. O-O c5 12. dxc5 Qxc5 13. Be3 Qc6 14.
Qa4 Bb7 15. Qxc6 Bxc6 16. Rfd1 Nd5 17. Bd4 Nxc3 18. Bxc3 Rfd8 19. f3 Ba4 20.
Rxd8+ Rxd8 21. Kf2 Rd1 22. Rxd1 Bxd1 23. f4 f5 24. Ke3 Ba4 25. Kd4 Bb5 26. h3
h5 27. e4 fxe4 28. Kxe4 Kf7 29. h4 1/2-1/2

[Event "BL 1617 SG Trier - Hamburger SK"]
[Site "?"]
[Date "2016.12.03"]
[Round "5.4"]
[White "Bobras, Piotr"]
[Black "Huschenbeth, Niclas"]
[Result "0-1"]
[WhiteElo "2523"]
[BlackElo "2548"]
[PlyCount "108"]
[EventDate "2016.??.??"]

1. e4 c5 2. Nf3 d6 3. d4 cxd4 4. Nxd4 Nf6 5. Nc3 a6 6. Bg5 Nbd7 7. Qe2 h6 8.
Bh4 g6 9. f4 e5 10. fxe5 dxe5 11. O-O-O Qc7 12. Nb3 b5 13. Qf3 Bg7 14. g4 Bb7
15. a3 O-O 16. g5 Nh5 17. gxh6 Bxh6+ 18. Kb1 Nf4 19. Be7 Rfe8 20. Bd6 Qb6 21.
Bh3 Rad8 22. Bb4 Nf8 23. Ba5 Rxd1+ 24. Rxd1 Qa7 25. Bb4 Bc6 26. Bc5 Qb8 27. Bd6
Qa8 28. Na5 Nh7 29. Bg4 f5 30. Bxf5 gxf5 31. Qg3+ Kh8 32. exf5 Bg7 33. Bb4 Bf6
34. Rd6 Bg2 35. Qe3 Qf3 36. Qb6 Nh5 37. Qxa6 e4 38. Nd5 Bg7 39. Re6 Qd1+ 40.
Ka2 Qxd5+ 41. c4 Qd7 42. Qxb5 Qxb5 43. cxb5 Rb8 44. Nc6 Rxb5 45. Re8+ Nf8 46.
a4 Rxf5 47. Ne7 Rf2 48. Ng6+ Kg8 49. Nxf8 Bxf8 50. a5 Ng7 51. Rb8 Bf1 52. Bc5
Bc4+ 53. Ka3 Ne6 54. Rxf8+ Rxf8 0-1

[Event "BL 1617 SG Trier - Hamburger SK"]
[Site "?"]
[Date "2016.12.03"]
[Round "5.5"]
[White "Hansen, Sune Berg"]
[Black "Cyborowski, Lukasz"]
[Result "0-1"]
[WhiteElo "2591"]
[BlackElo "2526"]
[PlyCount "100"]
[EventDate "2016.??.??"]

1. d4 d5 2. Bf4 Nf6 3. e3 e6 4. Nd2 c5 5. c3 Nc6 6. Ngf3 Be7 7. Bd3 O-O 8. Ne5
Nd7 9. Qh5 g6 10. Qh6 Bf6 11. Ndf3 Bg7 12. Qh3 Ndxe5 13. dxe5 f6 14. Qg3 fxe5
15. Nxe5 Nxe5 16. Bxe5 Bxe5 17. Qxe5 Qf6 18. Qg3 e5 19. O-O Be6 20. f4 e4 21.
Bc2 Rad8 22. Rad1 b5 23. Bb3 Kh8 24. Rd2 a5 25. Rfd1 c4 26. Bc2 b4 27. Rd4 bxc3
28. bxc3 Rb8 29. Ba4 Bf7 30. Qf2 Rb6 31. h3 Rfb8 32. Kh2 Rb2 33. R1d2 Rb1 34.
Qg3 Rc1 35. Bc2 Rb2 36. Qf2 Rb8 37. g4 Ra1 38. g5 Qe7 39. a4 Ra3 40. Qe1 Ra2
41. Bd1 Qa3 42. Rxa2 Qxa2+ 43. Rd2 Qa1 44. Rd4 Rb1 45. Kg3 Rc1 46. Qd2 Qxc3 47.
Qxc3 Rxc3 48. Kf2 Rc1 49. Ke2 c3 50. Bb3 Rh1 0-1

[Event "BL 1617 SG Trier - Hamburger SK"]
[Site "?"]
[Date "2016.12.03"]
[Round "5.6"]
[White "Jaracz, Pawel"]
[Black "Ernst, Sipke"]
[Result "0-1"]
[WhiteElo "2471"]
[BlackElo "2554"]
[PlyCount "58"]
[EventDate "2016.??.??"]

1. e4 e5 2. Nf3 Nc6 3. Bc4 Nf6 4. d3 Bc5 5. O-O d6 6. c3 Bg4 7. Nbd2 Qd7 8. a4
a6 9. a5 Ba7 10. Re1 Ne7 11. h3 Be6 12. d4 Ng6 13. Bf1 O-O 14. Kh2 Rae8 15. g3
c6 16. b3 Rd8 17. Ba3 Rfe8 18. Qc2 exd4 19. Nxd4 Qc7 20. f4 Bc8 21. Bg2 h5 22.
Nc4 h4 23. Nxd6 hxg3+ 24. Kh1 Rxd6 25. e5 Rxd4 26. cxd4 Nh5 27. f5 Ngf4 28. e6
fxe6 29. Qc4 Nxg2 0-1

[Event "BL 1617 SG Trier - Hamburger SK"]
[Site "?"]
[Date "2016.12.03"]
[Round "5.7"]
[White "Lampert, Jonas"]
[Black "Seger, Ruediger"]
[Result "1-0"]
[WhiteElo "2500"]
[BlackElo "2363"]
[PlyCount "141"]
[EventDate "2016.??.??"]

1. d4 Nf6 2. c4 g6 3. Nc3 d5 4. cxd5 Nxd5 5. Bd2 Bg7 6. e4 Nxc3 7. Bxc3 O-O 8.
Qd2 c5 9. d5 Bxc3 10. bxc3 e6 11. Bc4 exd5 12. Bxd5 Nd7 13. h4 Nf6 14. h5 Nxd5
15. exd5 Re8+ 16. Ne2 Qf6 17. f3 Bd7 18. Kf2 Re5 19. Ng3 Rae8 20. hxg6 fxg6 21.
Rae1 Rxe1 22. Rxe1 Rxe1 23. Qxe1 b6 24. Qe3 Kg7 25. f4 Kf8 26. c4 Bf5 27. Nxf5
Qxf5 28. d6 Qd7 29. Qd3 Qf5 30. Qe3 Qd7 31. Qe5 Kf7 32. Qd5+ Kf6 33. g4 h6 34.
Qe5+ Kf7 35. f5 gxf5 36. gxf5 h5 37. Kg3 b5 38. Qxc5 bxc4 39. Qxc4+ Kf8 40. Qf4
Qg7+ 41. Kh4 Qf6+ 42. Kxh5 Qf7+ 43. Kg4 Qg7+ 44. Kf3 Qc3+ 45. Ke4 Qc6+ 46. Ke3
Qc3+ 47. Kf2 Qb2+ 48. Kf3 Qc3+ 49. Kg2 Qb2+ 50. Qf2 Qb7+ 51. Qf3 Qb2+ 52. Qf2
Qb7+ 53. Kh3 Qd5 54. Qf4 Kf7 55. a4 Qh1+ 56. Kg4 Qg2+ 57. Qg3 Qe2+ 58. Qf3 Qc4+
59. Kh5 Qd4 60. Qb3+ Kg7 61. Qg3+ Kf8 62. Qg6 Qd1+ 63. Kh6 Qh1+ 64. Qh5 Qd5 65.
Qg6 Qh1+ 66. Qh5 Qd5 67. d7 Qxd7 68. f6 Qd2+ 69. Kh7 Qd3+ 70. Kh8 Qe3 71. Qh7
1-0

[Event "BL 1617 SG Trier - Hamburger SK"]
[Site "?"]
[Date "2016.12.03"]
[Round "5.8"]
[White "Kolbus, Dietmar"]
[Black "Heinemann, Thies"]
[Result "1/2-1/2"]
[WhiteElo "2299"]
[BlackElo "2464"]
[PlyCount "110"]
[EventDate "2016.??.??"]

1. Nf3 c5 2. c4 Nc6 3. Nc3 e5 4. e3 Nf6 5. Be2 d5 6. cxd5 Nxd5 7. O-O Nc7 8. b3
Be7 9. Bb2 O-O 10. Rc1 b6 11. Nb5 Bf6 12. Nxc7 Qxc7 13. Bc3 Qd6 14. Qc2 Bb7 15.
d3 Rac8 16. Qb1 Rfe8 17. Rfd1 Rcd8 18. Bf1 Rd7 19. Nd2 Qe6 20. a3 Be7 21. b4
Nb8 22. Qb2 Bf8 23. Nc4 cxb4 24. axb4 e4 25. dxe4 Bxe4 26. Ne5 Rc7 27. Bd4 Rec8
28. Rxc7 Rxc7 29. Rd2 Nd7 30. Nxd7 Rxd7 31. b5 h6 32. f3 Bg6 33. Kf2 Rc7 34.
Be2 f6 35. Bd3 Bxd3 36. Rxd3 Kf7 37. h3 Be7 38. g4 Qd5 39. Qb3 Qxb3 40. Rxb3
Rc2+ 41. Kg3 Ke6 42. f4 Kd5 43. Rb1 Ra2 44. f5 Bc5 45. Kh4 Bxd4 46. exd4 Re2
47. Ra1 Re7 48. Ra4 a5 49. bxa6 Ra7 50. Kh5 b5 51. Rb4 Kc6 52. Kg6 Kb6 53. Rb1
Rd7 54. Ra1 Ra7 55. Rb1 Rd7 1/2-1/2

[Event "BL 1617 SV Hockenheim - OSG Baden Baden"]
[Site "?"]
[Date "2016.12.03"]
[Round "5.1"]
[White "Caruana, Fabiano"]
[Black "Tomashevsky, Evgeny"]
[Result "1-0"]
[WhiteElo "2823"]
[BlackElo "2716"]
[PlyCount "229"]
[EventDate "2016.??.??"]

1. e4 e5 2. Nf3 Nc6 3. Bb5 a6 4. Ba4 Nf6 5. d3 d6 6. c3 g6 7. h3 Bg7 8. Be3 Bd7
9. Nbd2 O-O 10. O-O Re8 11. Re1 Qe7 12. b4 h6 13. Bb3 Be6 14. a4 b6 15. Bc2 Nh5
16. d4 exd4 17. Nxd4 Bd7 18. Nf5 gxf5 19. Qxh5 f4 20. Bxf4 Qf6 21. Be3 Qxc3 22.
Bb3 Qf6 23. Rac1 Rac8 24. b5 axb5 25. axb5 Ne5 26. Qe2 Be6 27. Bxe6 Qxe6 28.
Nf1 f5 29. exf5 Qxf5 30. Red1 Qf7 31. Ng3 Ra8 32. Qc2 Ra7 33. Nf5 Rf8 34. Nxg7
Qxg7 35. Kh2 Rf6 36. f4 Rf7 37. Qb3 Ng6 38. Bd4 Qf8 39. f5 Ne7 40. g4 Qa8 41.
Bb2 Qe4 42. Re1 Qf4+ 43. Kh1 Kf8 44. Rc4 Qf2 45. Rce4 Ra8 46. Bd4 Qd2 47. Qg3
Ng8 48. Qb3 Re7 49. Qd5 Qxe1+ 50. Rxe1 Rxe1+ 51. Kg2 Rae8 52. Kg3 R8e7 53. f6
R7e4 54. g5 Rxd4 55. Qxd4 hxg5 56. Qc3 Re6 57. Qxc7 Nxf6 58. Qxb6 Ke7 59. Qc7+
Nd7 60. b6 Re4 61. b7 Rb4 62. Kf3 Ke6 63. Ke3 Rb3+ 64. Kd2 Ke7 65. Kc2 Rb5 66.
Kd3 Rd5+ 67. Ke3 Rb5 68. Ke4 Ke6 69. Kf3 Rb4 70. Kg3 Ke7 71. Qc2 Kd8 72. Qc8+
Ke7 73. Qc7 Ke6 74. Qc6 Ke7 75. Qc8 Rb5 76. Qc4 Rb6 77. Qc8 Rb4 78. Qa8 Rb5 79.
Qa4 Rb6 80. Qd4 Rb3+ 81. Kg2 Rb5 82. Qe4+ Kd8 83. Qc6 Rb2+ 84. Kf1 Rb4 85. Ke2
Ke7 86. Kd2 Kd8 87. Kc2 d5 88. Kd2 d4 89. Qc8+ Ke7 90. Qa8 Rb3 91. Kc2 Rb6 92.
Qa7 Rb5 93. Qa6 d3+ 94. Kc1 Rb3 95. Qa4 Rb6 96. Qa7 Rb3 97. Qa4 Rb6 98. Qd4 d2+
99. Kd1 Rb5 100. Kxd2 Kd8 101. Qh8+ Kc7 102. Qc8+ Kd6 103. Ke3 Rb4 104. Kf2
Rb2+ 105. Kf3 Rb4 106. Qa8 Kc7 107. Qa5+ Rb6 108. Qxg5 Rxb7 109. h4 Rb3+ 110.
Ke4 Rb4+ 111. Ke3 Kd6 112. h5 Rb3+ 113. Kd4 Rh3 114. h6 Nf8 115. Qc5+ 1-0

[Event "BL 1617 SV Hockenheim - OSG Baden Baden"]
[Site "?"]
[Date "2016.12.03"]
[Round "5.3"]
[White "Anand, Viswanathan"]
[Black "Jobava, Baadur"]
[Result "1/2-1/2"]
[WhiteElo "2779"]
[BlackElo "2702"]
[PlyCount "76"]
[EventDate "2016.??.??"]

1. e4 e5 2. Nf3 Nf6 3. Nxe5 d6 4. Nf3 Nxe4 5. d4 d5 6. Bd3 Bd6 7. O-O O-O 8. c4
c6 9. Nc3 Nxc3 10. bxc3 dxc4 11. Bxc4 Nd7 12. Re1 h6 13. Ne5 Nxe5 14. dxe5 Bc5
15. Qh5 Be6 16. Bxh6 gxh6 17. Bxe6 Bxf2+ 18. Kxf2 fxe6+ 19. Kg1 Qg5 20. Qh3 Rf5
21. Rab1 b6 22. Qd3 Rd8 23. Qc4 Rd2 24. Qxe6+ Kg7 25. Qxc6 Rff2 26. Qb7+ Kh8
27. Qa8+ Qg8 28. Qxg8+ Kxg8 29. Kh1 Rxg2 30. Rg1 Rxg1+ 31. Rxg1+ Kf7 32. a4 Ra2
33. Rg4 Ke6 34. Kg1 Kxe5 35. Rh4 Kd5 36. Kf1 Ke5 37. Kg1 Kd5 38. Kf1 Ke5
1/2-1/2

[Event "BL 1617 SV Hockenheim - OSG Baden Baden"]
[Site "?"]
[Date "2016.12.03"]
[Round "5.4"]
[White "Howell, David W L"]
[Black "Svidler, Peter"]
[Result "1/2-1/2"]
[WhiteElo "2644"]
[BlackElo "2753"]
[PlyCount "46"]
[EventDate "2016.??.??"]

1. e4 e5 2. Nf3 Nc6 3. Bc4 Bc5 4. O-O Nf6 5. d3 O-O 6. a4 d6 7. c3 a6 8. h3 Ba7
9. Re1 Ne7 10. Nbd2 Ng6 11. Nf1 c6 12. Ng3 d5 13. Bb3 Be6 14. exd5 Bxd5 15. Be3
Bxe3 16. Rxe3 Qb6 17. Ra3 Qc7 18. d4 exd4 19. Nxd4 Rfe8 20. Rxe8+ Rxe8 21. Ra1
Bxb3 22. Qxb3 Nf4 23. Nf3 g6 1/2-1/2

[Event "BL 1617 SV Hockenheim - OSG Baden Baden"]
[Site "?"]
[Date "2016.12.03"]
[Round "5.5"]
[White "Wojtaszek, Radoslaw"]
[Black "Buhmann, Rainer"]
[Result "1/2-1/2"]
[WhiteElo "2749"]
[BlackElo "2626"]
[PlyCount "118"]
[EventDate "2016.??.??"]

1. d4 d5 2. c4 e6 3. Nc3 Nf6 4. cxd5 exd5 5. Bg5 Be7 6. e3 O-O 7. Bd3 Re8 8.
Nge2 Nbd7 9. O-O c6 10. Qc2 Nf8 11. f3 g6 12. Rad1 Ne6 13. Bh4 b5 14. Bf2 Bb7
15. Nc1 Rc8 16. Nb3 a6 17. Ne2 c5 18. dxc5 Nxc5 19. Nxc5 Bxc5 20. Qd2 Qe7 21.
Nd4 Nd7 22. Rc1 Ne5 23. b3 Bb4 24. Qe2 Ba3 25. Rxc8 Rxc8 26. Rd1 Nxd3 27. Qxd3
Qc7 28. Bg3 Qc3 29. Qxc3 Rxc3 30. Kf2 f6 31. Ke2 Kf7 32. Be1 Rc8 33. b4 Bb2 34.
Nb3 Rc2+ 35. Rd2 Rxd2+ 36. Kxd2 f5 37. Kd3 Bf6 38. Nc5 Bc8 39. Bg3 g5 40. Bd6
h6 41. f4 Bb2 42. Nb3 Bf6 43. Be5 Bd8 44. a3 Bb6 45. Bd6 gxf4 46. exf4 Bg1 47.
h3 d4 48. Nxd4 Bxd4 49. Kxd4 Bb7 50. g3 h5 51. Kc5 Be4 52. Kb6 Bc2 53. Kxa6 Ba4
54. Kb6 Ke6 55. Kc5 Kf6 56. Be5+ Ke6 57. Bc3 Kf7 58. Kd5 Kg6 59. Ke5 Bc2
1/2-1/2

[Event "BL 1617 SV Hockenheim - OSG Baden Baden"]
[Site "?"]
[Date "2016.12.03"]
[Round "5.6"]
[White "Saric, Ivan"]
[Black "Kasimdzhanov, Rustam"]
[Result "1/2-1/2"]
[WhiteElo "2652"]
[BlackElo "2691"]
[PlyCount "54"]
[EventDate "2016.??.??"]

1. e4 e5 2. Nf3 Nc6 3. Bc4 Bc5 4. O-O Nf6 5. d3 O-O 6. h3 h6 7. c3 d6 8. Re1 a6
9. a4 Re8 10. Nbd2 Be6 11. Bxe6 Rxe6 12. b4 Ba7 13. Qc2 Ne7 14. Nf1 Ng6 15. Ng3
d5 16. c4 c6 17. Bb2 dxe4 18. dxe4 a5 19. Red1 Qc7 20. bxa5 Qxa5 21. Bc3 Qc7
22. Bb4 Bd4 23. Nxd4 exd4 24. Bc5 Rae8 25. Bxd4 Nxe4 26. Nf5 f6 27. Be3 Re5
1/2-1/2

[Event "BL 1617 SV Hockenheim - OSG Baden Baden"]
[Site "?"]
[Date "2016.12.03"]
[Round "5.7"]
[White "Bacrot, Etienne"]
[Black "Moiseenko, Alexander"]
[Result "1/2-1/2"]
[WhiteElo "2689"]
[BlackElo "2657"]
[PlyCount "68"]
[EventDate "2016.??.??"]

1. e4 c5 2. Nf3 Nc6 3. Nc3 Nf6 4. Bb5 Qc7 5. O-O Nd4 6. Re1 a6 7. Bf1 d6 8. Nd5
Nxd5 9. exd5 g6 10. c3 Nxf3+ 11. Qxf3 Bg7 12. d4 cxd4 13. Bg5 f6 14. Bd2 dxc3
15. Bxc3 O-O 16. Rac1 Qd8 17. h4 Bd7 18. h5 Rc8 19. Bd3 f5 20. hxg6 hxg6 21.
Qg3 Bxc3 22. Rxc3 Rf6 23. Rxc8 Bxc8 24. Qg5 Bd7 25. g4 Kf7 26. Qh6 Qf8 27. Qh7+
Ke8 28. g5 Rf7 29. Qxg6 Kd8 30. f4 Rg7 31. Qh5 Qg8 32. Qf3 Rh7 33. Bf1 Qh8 34.
Bg2 Qxb2 1/2-1/2